How to be a better interviewer (Record no. 3025)

000 -LEADER
fixed length control field 00269nam a22001217a 4500
020 ## - INTERNATIONAL STANDARD BOOK NUMBER
International Standard Book Number 817554080X
082 ## - DEWEY DECIMAL CLASSIFICATION NUMBER
Classification number 158.39
100 ## - MAIN ENTRY--PERSONAL NAME
Personal name Dale,Margaret
245 ## - TITLE STATEMENT
Title How to be a better interviewer
260 ## - PUBLICATION, DISTRIBUTION, ETC.
Place of publication, distribution, etc. Daryaganj
Name of publisher, distributor, etc. Kagan page
Date of publication, distribution, etc. 1999
300 ## - PHYSICAL DESCRIPTION
Extent 157p
942 ## - ADDED ENTRY ELEMENTS (KOHA)
Koha item type Book
Holdings
Withdrawn status Lost status Damaged status Not for loan Collection code Permanent Location Current Location Shelving location Date acquired Total Checkouts Full call number Barcode Date last seen Date last checked out Price effective from Koha item type
          Central Library (CL) Central Library (CL) General Stacks 04/27/2016 1 158.39 DAL S3H-N-356 11/12/2021 10/30/2019 04/27/2016 Book
© 2023 Central Library, National University of Sciences and Technology. All Rights Reserved.